Visualizzazione normale
Vista MARC
- Derevitsky Alessandro
di Personal Name
Records bibliografici associati: 1
001 - CONTROL NUMBER
- control field: 7096
003 - CONTROL NUMBER IDENTIFIER
- control field: IT-RoPau
005 - DATE AND TIME OF LATEST TRANSACTION
- control field: 20140102123758.0
008 - FIXED-LENGTH DATA ELEMENTS
- fixed length control field: 140102|| aca||aabn | a|a d
040 ## - CATALOGING SOURCE
- Original cataloging agency: IT-RoPau
- Transcribing agency: IT-RoPau
100 ## - HEADING--PERSONAL NAME
- Personal name: Derevitsky Alessandro
- Dates associated with a name: Codice autore SPICS: 13617
- Relator term: Autore
- Name of part/section of a work: Venezia la luna e tu
670 ## - SOURCE DATA FOUND
- Source citation: Work cat.: (IT-RoPau)100105: AA.VV. 794, Sotto il sole d'Italia (Lp Smrp 9058)